01603cam a22003495a 4500003000900000005001700009008004100026020003400067020003700101040004300138082002000181100004500201245013400246246001900380250002300399264005200422300004700474336002600521337002800547338002700575520021600602650006700818650004100885651001000926653002600936655002400962700004200986700004201028942001201070999001701082952015401099EG-ScBUE20220523095955.0090709r19951994enka f 000 0 eng d a0521447984 (student's book 1) a9780521447980 (student's book 1) aEG-ScBUEbengerdacEG-ScBUEdEG-ScBUE04a428.24bRIC2221 aRichards, Jack C.,d1943-eauthor.9761910aChanges :bEnglish for international communication.n1,pStudent's book /cJack C. Richards with Jonathan Hull and Susan Proctor.30aStudent's book aReprinted edition. 1aCambridge :bCambridge University Press,c1995. a144 pages : bcolor illustrations ;c30 cm 2rdacontentatextbtxt 2rdamediaaunmediatedbn 2rdacarrieravolumebnc aChanges is a three-level general English course for adult and young adult learners. Changes ensures that students have every opportunity to develop confident communicative ability as well as accuracy in English. 7aEnglish languagexStudy and teachingxForeign speakers.2BUEsh 7aCommunication, International.2BUEsh 2BUEsh bHHUUEENNcOctober2018 vReading book9342321 aHull, Jonathan,d1949-eauthor.976231 aProctor, Susan,d1945-eauthor.97624 2ddccBB c12321d12321 00102ddc40708AlahramaMAINbMAINc2NDd2009-07-09epurchaseg32.10h72l1o428.24 RICp000017435r2025-07-15 00:00:00s2012-06-10w2009-07-09yBB